000 00818nam a22001937a 4500
003 AM-YeHGA
005 20250617154132.0
008 180525s xxu||||| |||| 00| 0 rus d
040 _aAM-YeHGA
041 0 _arus
110 2 _aГосударственный академический театр оперы и балета им. С.М. Кирова
245 1 0 _aТравиата :
_bОпера в 4-х действиях. Музыка Дж. Верди : Краткое содержание оперы /
_cГос. акад. театр оперы и балета им.С.М. Кирова.
260 _aЛенинград :
_bМузгиз,
_c1954.
300 _a12 с.
600 1 4 _aВерди, Джузеппе
_d1813-1901
650 1 4 _aИтальянская опера
942 _2udc
_cBK
090 _c407739
999 _c405492
_d405492